Connaissances sur les vins de Provence - Statistiques

Statistiques générales
  • Ce quiz a été pris 11 fois
  • Le résultat moyen est 3 sur 15
Statistiques - réponses
Questions Réponses % Correct
Aujourd'hui, combien y a t'il de crus classés en côtes de Provence? 18
50%
Quelle appellation se situe le plus à l'est, et est caractérisée par sont encépagement particulier? (rouge/rosé Braquet et Fuella Nera) Bellet
50%
Quelle appellation de Provence produit du blanc en grande majorité? (71% de la production) Cassis
50%
Quelle est la plus petite appellation de Provence? Palette
50%
Et dans le monde? 6%
25%
Dans cet ordre, donnez le nombre de producteurs dans cette appellation et le nombre de cépages autorisés. 4 25
13%
Dans quels départements se situe le vignoble de Provence? Bouches du Rhône Var Alpes Maritimes Alpes de hautes Provence
13%
Quelle proportion de surface est certifiée agriculture biologique? 24%
0%
Quel est la répartition en pourcentage de la commercialisation des vins de Provence? ( GD, Exportation, CHR) 24, 35, 41
0%
En France, la Provence représente quelle proportion dans la production de rosé? 39%
0%
Quels sont les deux ensembles géologiques de ce vignoble? Calcaire et cristalin
0%
Les 4 principaux cépages blancs Clairette Sémillon Ugni-blanc Vermentino
0%
Les 4 principaux cépages rouges Grenache Cinsault Syrah Mourvèdre
0%
Quels sont les formations végétales qui leur correspondent? La garrigue et le maquis
0%
Dans quelle appellations retrouve-t-on le rosé "gris"? Sable de Camargue
0%
Aucun quiz correspondant
Distribution des résultats
% des personnes avec chaque résultat
Percentile par nombre de réponses
Votre historique - résultats
Vous n’avez pas pris ce quiz